000 01087cam a22003257a 4500
001 6866
003 FISKH
005 20250604091225.0
008 110107s2010 nyua b 001 0 eng
010 _a 2010284618
020 _a9780545285452 (pbk.)
040 _aCCS
_cCCS
_dCCS
_dDLC
_beng
042 _alccopycat
050 _aGB601 .S73
082 _a551.44
100 1 _aStamper, Judith Bauer.
245 1 0 _aCaves /
_cJudith Bauer Stamper.
260 _aNew York :
_bScholastic,
_c2010.
300 _a32 pages :
_bcolor illustrations ;
_c23 cm
490 0 _aSmart words reader
500 _aIncludes index.
505 _aR
520 _a"Your journey beneath Earth's surface will take you through the fascinating world of limestone caves, sea caves, glacier caves, and lava tubes. You will learn how caves form and what can be found within them"--Page 4 of cover.
521 8 _a730
_bLexile
521 8 _aR
_bRaz-Plus
650 0 _aCaves
_vJuvenile literature.
906 _a7
_bcbc
_ccopycat
_d2
_encip
_f20
_gy-gencatlg
942 _2ddc
_cBK
_n0
999 _c6866
_d6866